| 000 | 01391cam a22003494a 4500 | ||
|---|---|---|---|
| 001 | 14975238 | ||
| 005 | 20201128020734.0 | ||
| 008 | 070822s2008 nyua b 001 0 eng | ||
| 010 | _a 2007034866 | ||
| 020 | _a9780071232463 (alk. paper) | ||
| 020 | _a9780072824032 (alk. paper) | ||
| 020 | _a0072824034 (alk. paper) | ||
| 020 | _a9780072824032 | ||
| 020 | _a0072824034 | ||
| 040 |
_aDLC _cDLC _dDLC |
||
| 050 | 0 | 0 |
_aTS155 _b.H679 2008 |
| 082 | 0 | 0 |
_a658.5 _222 _bHOP |
| 100 | 1 |
_aHopp, Wallace J. _93075 |
|
| 245 | 1 | 0 |
_aFactory physics / _cWallace J. Hopp, Mark L. Spearman. |
| 250 |
_a3rd ed. _bMcGraw-Hill International Edition. |
||
| 260 |
_aNew York, NY : _bMcGraw-Hill/Irwin/Irwin, _cc2008. |
||
| 300 |
_axxv, 720 p. : _bill. ; _c26 cm. |
||
| 440 | 0 |
_aThe McGraw-Hill/Irwin series Operations and decision sciences _95274 |
|
| 504 | _aIncludes bibliographical references and index. | ||
| 650 | 0 |
_aFactory management. _93076 |
|
| 650 | 0 |
_aProduction management. _93077 |
|
| 700 | 1 |
_aSpearman, Mark L. _93078 |
|
| 856 | 4 | 1 |
_3Table of contents only _uhttp://www.loc.gov/catdir/enhancements/fy0743/2007034866-t.html |
| 856 | 4 | 2 |
_3Publisher description _uhttp://www.loc.gov/catdir/enhancements/fy0743/2007034866-d.html |
| 942 |
_2ddc _cBB |
||
| 999 |
_c11167 _d11167 |
||